Directorio de centros de investigación y unidades de información sobre educación superior en América Latina y el Caribe.

Guardado en:
Detalles Bibliográficos
Autor corporativo: Centro Regional para la Educación Superior en América Latina y el Caribe, Servicios de Información y Documentación
Formato: Libro
Idioma:Español
Temas:
Etiquetas: Agrega una etiqueta
Sin etiquetas, Sé el primero en etiquetar este registro!

MARC

LEADER 00000cam^a2200000uu^4500
001 000461185
005 20250521000000.0
008 050901s1984^^^^^^^^^^^^rc^r^^000^0^spa^d
009 20260310124217.699
035 |a FCE 000003679 
035 |a FCE 014482 
037 |a Acervo ITESO - Biblioteca 
041 |a spa 
082 0 4 |a 021  |b SIDd 
110 |a Centro Regional para la Educación Superior en América Latina y el Caribe,  |b Servicios de Información y Documentación 
245 1 0 |a Directorio de centros de investigación y unidades de información sobre educación superior en América Latina y el Caribe. 
264 |a Caracas :  |b SED : CRESALC,  |c 1984. 
300 |a 125 p. 
336 |a texto  |b txt  |2 rdacontenido 
337 |a sin mediación  |b n  |2 rdamedio 
338 |a volumen  |b nc  |2 rdasoporte 
649 |a XX 
650 |a Educación superior 
650 |a Directorio 
650 |a Centro de investigación 
650 |a Bibliotecas 
650 |a América Latina 
910 |a Fondo Centro de Estudios Educativos 
920 |a Impresos - Libros 
930 |a Fondos Especiales 
905 |a 133 
901 |a ALE014482  |b IT2  |c CEE  |u 20250521 
901 |a ALE045796  |b IT2  |c CEE  |u 20250521 
902 |a https://opac.biblio.iteso.mx/vufind/Record/000461185